• 首页
  • 本馆介绍
  • 公告通知
  • 最新文献
  • 馆藏检索
  • 电子资源
  • 读者导购
  • 参考咨询
  • 我的图书馆
  • 登录
  • 详细信息显示
  • 放入我的书架
  • 预约/预借图书
  • 作者相关作品
  • 分类相关作品
  • 丛书相关作品
  • 出版社相关作品

书目信息

  • 表格格式
  • 工作单格式
  • 卡片格式
题名:
绿地·广场设计
    
 
作者: 薛健 著
分册:  
出版信息: 南京   江苏科学技术出版社  2004
页数: 230页
开本: 28cm
丛书名:
单 册:
中图分类: TU985.12
科图分类:
主题词: 广场--绿化规划
电子资源:
ISBN: 7-5345-4135-2
000 00727nam0 2200217 45
001 002729741
005 20050519102522.0
010    @a7-5345-4135-2@dCNY98.00
100    @a20040928d2004 em y0chiy0110 ea
101 0  @achi
102    @aCN@b320000
105    @aa z 000yy
200 1  @a绿地·广场设计@Alv di guang chang she ji@f薛健著@FXue Jian Zhu
210    @a南京@c江苏科学技术出版社@d2004
215    @a230页@c彩照@d28cm
330    @a本书按现代城市广场、宗教文化广场、纪念性广场、历史古城广场分类编排,收录有各类广场30多个,它们分布在世界各地,具有不同的文化内涵和设计理念。
606 0  @a广场@x绿化规划
690    @aTU985.12@v4
701  0 @a薛健@4著
801  0 @aCN@bNLC@c20041109
905    @f3@b353803-805@dTU985.12@e184
    
    绿地·广场设计/薛健著.-南京:江苏科学技术出版社,2004
    230页:彩照;28cm
    
    
    ISBN 7-5345-4135-2:CNY98.00
    本书按现代城市广场、宗教文化广场、纪念性广场、历史古城广场分类编排,收录有各类广场30多个,它们分布在世界各地,具有不同的文化内涵和设计理念。
●
相关链接 在E读中查询图书 在五车中查询图书 在当当中查询图书 在豆瓣中查询图书


正题名:绿地·广场设计     索取号:TU985.12/184         预约/预借

序号 登录号 条形码 馆藏地/架位号 状态 备注
1 0353803   3538032   第二样本阅览室/ [索取号:TU985.12/184] 在馆    
2 0353804   3538041   第三借阅区/ [索取号:TU985.12/184] 在馆    
3 0353805   3538050   第三借阅区/ [索取号:TU985.12/184] 在馆    
唐山师范学院图书馆 欢迎您!
大连网信软件有限公司© 版权所有